000
00189 a2200097 4500
020
_a
9789706270962
041
_a
spa
100
_a
Anonimo
245
_a
futbol Reglas Actualizadas
942
_c
BK
999
_c
9928
_d
9928